| 000 | 00609nam a2200241 a 4500 | ||
|---|---|---|---|
| 001 | 0001-1180 | ||
| 003 | ELIB.Books | ||
| 008 | 150508 2010 eng | ||
| 020 | _aKBTS | ||
| 035 | _a(ELIB.Books)0001-1335 | ||
| 092 |
_a253.5 _bRob |
||
| 100 | _aRobertson, Pat. | ||
| 245 | _aThe Christian Counselor's Handbook | ||
| 260 |
_aWheaton _bTyndale House Publishers, Inc. _c1999 |
||
| 300 |
_a191 _c25.5 Cm |
||
| 500 | _aLibrary | ||
| 650 | _aCounseling | ||
| 856 |
_nKBTS: Library _uKBTS: Elib |
||
| 942 |
_2ddc _cBK |
||
| 990 | _a3 | ||
| 998 |
_cbat _e2015-05-08 |
||
| 999 |
_c11180 _d11180 |
||